[Event "Lueneburg blitz op"]
[Site "Lueneburg"]
[Date "2013.07.22"]
[Round "?"]
[White "Annegarn, Alexander"]
[Black "Rabeler, Gert"]
[Result "0-1"]
[WhiteElo "1988"]
[BlackElo "2238"]
[PlyCount "88"]
[EventDate "2013.07.22"]
[EventType "swiss (blitz)"]
[EventRounds "9"]
[EventCountry "GER"]
[SourceTitle "EXT 2024"]
[Source "ChessBase"]
[SourceDate "2023.10.10"]
[SourceVersion "1"]
[SourceVersionDate "2023.10.10"]
[SourceQuality "1"]

1. e4 c5 2. d4 cxd4 3. c3 g6 4. cxd4 d5 5. exd5 Nf6 6. Nf3 Nxd5 7. Bb5+ Nc6 8. 0-0 Bg7 9. Ne5 Bd7 10. Qf3 Nxe5 11. Qxd5 Bxb5 12. Qxb5+ Qd7 13. Nc3 a6 14. Qd5 Rd8 15. Qe4 Nc4 16. Re1 0-0 17. Bg5 f6 18. d5 Nd6 19. Qe6+ Qxe6 20. Rxe6 fxg5 21. Rxe7 Rf7 22. Rae1 Bxc3 23. bxc3 Rxe7 24. Rxe7 Re8 25. Rxe8+ Nxe8 26. f3 Kf7 27. Kf2 Ke7 28. Ke3 Kd6 29. Kd4 b5 30. g3 Nc7 31. a3 Nxd5 32. c4 bxc4 33. Kxc4 Kc6 34. Kd4 Nb6 35. h4 gxh4 36. gxh4 a5 37. f4 Kd6 38. Ke4 Nc4 39. a4 Ke6 40. Kd4 Nb6 41. Kc5 Nxa4+ 42. Kb5 Nc3+ 43. Kxa5 Kf5 44. Kb4 Ne4 0-1

[Event "Lueneburg blitz op"]
[Site "Lueneburg"]
[Date "2013.07.22"]
[Round "?"]
[White "Svane, Freja"]
[Black "Annegarn, Alexander"]
[Result "0-1"]
[WhiteElo "891"]
[BlackElo "1988"]
[PlyCount "70"]
[EventDate "2013.07.22"]
[EventType "swiss (blitz)"]
[EventRounds "9"]
[EventCountry "GER"]
[SourceTitle "EXT 2024"]
[Source "ChessBase"]
[SourceDate "2023.10.10"]
[SourceVersion "1"]
[SourceVersionDate "2023.10.10"]
[SourceQuality "1"]

1. e4 c5 2. Nf3 g6 3. d4 cxd4 4. Nxd4 Bg7 5. Nc3 Nc6 6. Nxc6 bxc6 7. Bc4 Nf6 8. Bg5 d6 9. 0-0 0-0 10. Qd2 Qb6 11. Bb3 Ba6 12. Rfe1 Rfd8 13. Bh6 Bxh6 14. Qxh6 Qxf2+ 15. Kxf2 Ng4+ 16. Kg1 Nxh6 17. Rf1 Bxf1 18. Rxf1 e6 19. Ba4 Rac8 20. Ne2 d5 21. exd5 cxd5 22. Nd4 Rc4 23. Nc6 Rxa4 24. Nxd8 Rxa2 25. Rb1 Kf8 26. Rf1 Ra6 27. Nb7 Rb6 28. Nc5 Ke7 29. Nd3 Nf5 30. Re1 Nd6 31. Nf4 Ne4 32. Nd3 f6 33. Ra1 a6 34. Rb1 Kd6 35. Kf1 Nd2+ 0-1

[Event "NRW-ch U16"]
[Site "Kranenburg"]
[Date "2003.04.22"]
[Round "3"]
[White "Annegarn, Alexander"]
[Black "Delpy, Rene"]
[Result "1-0"]
[WhiteElo "1731"]
[BlackElo "1408"]
[PlyCount "41"]
[EventDate "2003.04.??"]
[EventType "swiss"]
[EventRounds "7"]
[EventCountry "GER"]
[SourceTitle "EXT 2005"]
[Source "ChessBase"]
[SourceDate "2004.11.15"]
[SourceVersion "1"]
[SourceVersionDate "2004.11.15"]
[SourceQuality "1"]

1. e4 e5 2. Nf3 Nc6 3. Bc4 Nf6 4. Ng5 d5 5. exd5 Na5 6. Bb5+ c6 7. dxc6 bxc6 8. Be2 h6 9. Nf3 Bc5 10. 0-0 0-0 11. Nxe5 Ne4 12. Nd3 Bb6 13. Nc3 Re8 14. Nxe4 Rxe4 15. Bf3 Rh4 16. Ne1 Bc7 17. g3 Bh3 18. Ng2 Bxg2 19. Kxg2 Qd7 20. gxh4 Qd6 21. Rh1 1-0

[Event "DSSM WK2"]
[Site "Husum"]
[Date "2002.05.13"]
[Round "7.4"]
[White "Annegarn, Alexander"]
[Black "Gebhardt, Andreas"]
[Result "1/2-1/2"]
[WhiteElo "1499"]
[BlackElo "1415"]
[PlyCount "58"]
[EventDate "2002.05.10"]
[EventType "team"]
[EventRounds "7"]
[EventCountry "GER"]
[SourceTitle "CBM 088 Extra"]
[Source "ChessBase"]
[SourceDate "2002.07.01"]
[SourceVersion "2"]
[SourceVersionDate "2002.07.01"]
[SourceQuality "1"]

1. b4 e5 2. Bb2 d6 3. e3 Nf6 4. c4 Be6 5. Nf3 Be7 6. Be2 Nbd7 7. 0-0 0-0 8. Qc2 Bg4 9. Re1 Qc8 10. d3 c6 11. Nbd2 a5 12. a3 axb4 13. axb4 Qc7 14. d4 Bxf3 15. Bxf3 exd4 16. exd4 Rxa1 17. Bxa1 Re8 18. Qf5 Qd8 19. Bc3 Bf8 20. Ne4 Nxe4 21. Bxe4 g6 22. Qf3 Bg7 23. Ra1 Nf6 24. Bd3 Nh5 25. g4 Qf6 26. Qxf6 Nxf6 27. g5 Nh5 28. Ra7 Rb8 29. c5 dxc5 1/2-1/2

[Event "DSSM WK2"]
[Site "Husum"]
[Date "2002.05.12"]
[Round "5.4"]
[White "Annegarn, Alexander"]
[Black "Malasch, Michael"]
[Result "1-0"]
[WhiteElo "1499"]
[BlackElo "1198"]
[PlyCount "53"]
[EventDate "2002.05.10"]
[EventType "team"]
[EventRounds "7"]
[EventCountry "GER"]
[SourceTitle "CBM 088 Extra"]
[Source "ChessBase"]
[SourceDate "2002.07.01"]
[SourceVersion "2"]
[SourceVersionDate "2002.07.01"]
[SourceQuality "1"]

1. b4 e5 2. Bb2 Bxb4 3. Bxe5 Nf6 4. e3 Nc6 5. Bb2 d5 6. Nf3 Bg4 7. Be2 Qd7 8. 0-0 0-0-0 9. d3 Bd6 10. Nbd2 Rde8 11. Rb1 Qf5 12. Bc3 Re7 13. Qc1 Nd8 14. Re1 c6 15. Qb2 h5 16. a4 Rh6 17. a5 Bxf3 18. Nxf3 g5 19. a6 b6 20. g3 h4 21. Nd4 Qd7 22. Nxc6 Qxc6 23. Bxf6 Rc7 24. Bg4+ Kb8 25. Bxd8 Qxc2 26. Bxc7+ Qxc7 27. Rec1 1-0

[Event "NRW-ch U14"]
[Site "Winterberg"]
[Date "2002.04.06"]
[Round "7"]
[White "Strathoff, Martin"]
[Black "Annegarn, Alexander"]
[Result "1/2-1/2"]
[WhiteElo "1709"]
[BlackElo "1499"]
[PlyCount "36"]
[EventDate "2002.04.01"]
[EventType "swiss"]
[EventRounds "7"]
[EventCountry "GER"]
[SourceTitle "EXT 2003"]
[Source "ChessBase"]
[SourceDate "2002.11.25"]
[SourceVersion "1"]
[SourceVersionDate "2002.11.25"]
[SourceQuality "1"]

1. e4 c5 2. Nf3 d6 3. d4 cxd4 4. Nxd4 Nf6 5. Nc3 g6 6. f3 Bg7 7. Be3 0-0 8. Qd2 Nc6 9. 0-0-0 d5 10. Nxc6 bxc6 11. exd5 cxd5 12. Nxd5 Nxd5 13. Qxd5 Qc7 14. Qc5 Qb7 15. Qb5 Qc7 16. Qc5 Qb7 17. Qb5 Qc7 18. Qc5 Qb7 1/2-1/2

[Event "NRW-ch U14"]
[Site "Winterberg"]
[Date "2002.04.05"]
[Round "6"]
[White "Annegarn, Alexander"]
[Black "Fox, Daniel"]
[Result "1/2-1/2"]
[WhiteElo "1499"]
[BlackElo "1563"]
[PlyCount "59"]
[EventDate "2002.04.01"]
[EventType "swiss"]
[EventRounds "7"]
[EventCountry "GER"]
[SourceTitle "EXT 2003"]
[Source "ChessBase"]
[SourceDate "2002.11.25"]
[SourceVersion "1"]
[SourceVersionDate "2002.11.25"]
[SourceQuality "1"]

1. b4 e5 2. Bb2 Bd6 3. Nf3 Qe7 4. c4 c6 5. e3 Nf6 6. Be2 Bc7 7. a3 d5 8. 0-0 Bf5 9. Qb3 0-0 10. d3 Nbd7 11. Nbd2 Qd6 12. h3 b6 13. Rfd1 Bg6 14. Rac1 Rad8 15. cxd5 cxd5 16. e4 Bb8 17. exd5 Qxd5 18. Qxd5 Nxd5 19. Nc4 Nf4 20. Kf1 e4 21. dxe4 Bxe4 22. Ne3 Nxe2 23. Kxe2 Bxf3+ 24. Kxf3 Ne5+ 25. Ke2 Rfe8 26. Kf1 Nd3 27. Rc2 Nxb2 28. Rxb2 g6 29. Ke2 Be5 30. Rbd2 1/2-1/2